Súčasný stav a dynamika rozvoja ekonomiky Ruskej federácie
Ekonomika Ruskej federácie ako tranzitívna trhová ekonomika, ktorá je založená na exporte nerastných surovín. Bohaté skúsenosti v technologicky náročných odvetviach. Prvé miesto vo svete z hľadiska potenciálu prírodných zdrojov. Súčasný stav a dynamika rozvoja ekonomiky Ruskej federácie.
Enregistré dans:
| Auteur principal: | |
|---|---|
| Format: | Chapitre de livre |
| Langue: | slovaque |
| Sujets: | |
| Tags: |
Pas de tags, Soyez le premier à ajouter un tag!
|
MARC
| LEADER | 00000nla$a2200000$$$4500 | ||
|---|---|---|---|
| 001 | 0117222 | ||
| 005 | 20240502072317.9 | ||
| 041 | 0 | |a slo | |
| 044 | |a SK | ||
| 245 | 1 | 0 | |a Súčasný stav a dynamika rozvoja ekonomiky Ruskej federácie |c Maria Glavatskich |
| 520 | |a Ekonomika Ruskej federácie ako tranzitívna trhová ekonomika, ktorá je založená na exporte nerastných surovín. Bohaté skúsenosti v technologicky náročných odvetviach. Prvé miesto vo svete z hľadiska potenciálu prírodných zdrojov. Súčasný stav a dynamika rozvoja ekonomiky Ruskej federácie. | ||
| 610 | 2 | 0 | |a situácia hospodárska |
| 610 | 2 | 0 | |a rozvoj hospodársky |
| 610 | 2 | 0 | |a rast hospodársky |
| 610 | 2 | 0 | |a priemysel |
| 610 | 2 | 0 | |a poľnohospodárstvo |
| 610 | 2 | 0 | |a zdroje surovinové |
| 610 | 2 | 0 | |a ropa |
| 610 | 2 | 0 | |a plyn |
| 610 | 2 | 0 | |a Rusko |
| 100 | 1 | |a Glavatskich, Maria | |